000 00334nam a2200145Ia 4500
008 230711s9999||||xx |||||||||||||| ||und||
041 _aENG
082 _a624
_bIC-D
100 _aICEC
245 0 _aDevelopment in break water
250 _a1st
260 _c1986
_aLondon
_bThomas Telford
650 _aCivil Engineering
942 _cBK
999 _c1105
_d1105